| 000 | 00325nam a22001217a 4500 | ||
|---|---|---|---|
| 020 | _a9789351243496 | ||
| 082 |
_a664.001579 _bSUB/FO |
||
| 100 |
_aSubha Ganguly _9281 |
||
| 245 | _aFood Microbiology: Processing Technology and Feed Additives | ||
| 260 |
_aNew Delhi _bDaya Publishing House _c2015 |
||
| 300 | _a118 | ||
| 942 | _cBK | ||
| 999 |
_c14219 _d14219 |
||